| 000 | 00000nam##2200000za#4500 |
| 001 | 9.572348 |
| 003 | CaOODSP |
| 005 | 20220111083053 |
| 007 | cr ||||||||||| |
| 008 | 150406|1992||||xxc|||||o f|0| 0 eng|d |
| 022 | |a1928-6414 |
| 040 | |aCaOODSP|beng |
| 043 | |an-cn--- |
| 086 | 1 |aNE22-1/1992-1E-PDF |
| 110 | 1 |aCanada. |bNational Energy Board. |
| 245 | 10|aReasons for decision, TransCanada PipeLines Limited : |h[electronic resource]|bapplication dated 2 July 1991 for 1992-93 facilities |
| 246 | 1 |iVariant title : |aTransCanada PipeLines Limited |
| 260 | |aCalgary - Alberta : |bNational Energy Board |cApril 1992. |
| 300 | |a83p.|bmap, tables |
| 490 | 1 |aReasons for decision|x1928-6414|vGH-4-91 |
| 500 | |aThe catalogue number (NE22-1/1992-1E) and ISBN (0-662-19559-0) for the print edition have been incorrectly copied in this electronic publication. |
| 590 | |a12-06-Supp|b2012-03-07 |
| 775 | 08|tMotifs de décision relativement à TransCanada PipeLines Limited : |w(CaOODSP)9.602724 |
| 776 | 0#|tTransCanada PipeLines Limited : |w(CaOODSP)9.608544 |
| 830 | #0|aReasons for decision (Canada. National Energy Board)|x1928-6414|vGH-4-91|w(CaOODSP)9.504480 |
| 856 | 40|ahttp://publications.gc.ca|qPDF|s178 KB|uhttps://publications.gc.ca/collections/Collection/NE22-1-1992-1E.pdf|yGH-4-91 |